Kto Zagrał na Euro 2024? #12: GRUZJA - Statystyki

Ogólne statystyki
  • Ten quiz został rozwiązany 42 razy
  • Średni wynik to 5 z 11
Statystyki odpowiedzi
Pozycja Klub Zawodnik % Poprawnych
N Napoli Chwicza Kwaracchelia
94%
N Metz Georges Mikautadze
91%
BR Valencia Giorgi Mamardaszwili
76%
PP Cracovia Otar Kakabadze
62%
ŚO Slovan Guram Kaszia
38%
LP Dinamo Batumi Giorgi Citaiszwili
29%
ŚO APOEL Lasza Dwali
26%
ŚP Watford Giorgi Czakwetadze
24%
ŚP Levante Giorgi Koczoraszwili
15%
ŚO Al-Okhdood Solomon Kwirkwelia
9%
ŚP Craiova Anzor Mekwabiszwili
3%
Nie znaleziono quizów pasujących do podanych kryteriów
Rozkład punktacji
Procent ludzi z każdym wynikiem
Percentyl według liczby udzielonych odpowiedzi
Twoja historia wyników
Nie rozwiązałeś tego quizu